5HLuxD.jpg

KING HENRY VIII SENIOR AND PRIMARY SCHOOL LIBRARY OPAC

Balanced and unbalanced forces / (Record no. 1432)

000 -LEADER
fixed length control field 01547cam a2200337 i 4500
001 - CONTROL NUMBER
control field 18295634
003 - CONTROL NUMBER IDENTIFIER
control field OSt
005 - DATE AND TIME OF LATEST TRANSACTION
control field 20221229141931.0
008 - FIXED-LENGTH DATA ELEMENTS--GENERAL INFORMATION
fixed length control field 140909s2015 caua j 001 0 eng c
010 ## - LIBRARY OF CONGRESS CONTROL NUMBER
LC control number 2014034270
020 ## - INTERNATIONAL STANDARD BOOK NUMBER
International Standard Book Number 9781480746466 (pbk.)
040 ## - CATALOGING SOURCE
Original cataloging agency NJQ/DLC
Language of cataloging eng
Transcribing agency NJQ
Description conventions rda
Modifying agency DLC
-- KH8
042 ## - AUTHENTICATION CODE
Authentication code pcc
082 04 - DEWEY DECIMAL CLASSIFICATION NUMBER
Classification number 531.6 WIN
Edition number 23
100 1# - MAIN ENTRY--PERSONAL NAME
Personal name Winterberg, Jenna,
Relator term author.
245 10 - TITLE STATEMENT
Title Balanced and unbalanced forces /
Statement of responsibility, etc. Jenna Winterberg.
264 #1 - PRODUCTION, PUBLICATION, DISTRIBUTION, MANUFACTURE, AND COPYRIGHT NOTICE
Place of production, publication, distribution, manufacture Huntington Beach, CA :
Name of producer, publisher, distributor, manufacturer Teacher Created Materials,
Date of production, publication, distribution, manufacture, or copyright notice [2015]
300 ## - PHYSICAL DESCRIPTION
Extent 32 pages :
Other physical details illustrations (chiefly color) ;
Dimensions 23 cm
336 ## - CONTENT TYPE
Content type term text
Source rdacontent
337 ## - MEDIA TYPE
Media type term unmediated
Source rdamedia
338 ## - CARRIER TYPE
Carrier type term volume
Source rdacarrier
500 ## - GENERAL NOTE
General note Includes index.
505 0# - FORMATTED CONTENTS NOTE
Formatted contents note Let the battle begin! -- Energy and motion -- Contact forces -- Distant forces -- Combined forces -- And the winner is -- Think like a scientist.
520 ## - SUMMARY, ETC.
Summary, etc. "Forces are part of our everyday lives. And knowing how they work makes us all more powerful! Balanced forces will keep you upright on your bike. Unbalanced forces will help you ride your bike as fast as the wind. Balanced and unbalanced forces play a part in all that we do."--
Assigning source Provided by publisher.
521 2# - TARGET AUDIENCE NOTE
Target audience note K to grade 3.
650 #0 - SUBJECT ADDED ENTRY--TOPICAL TERM
Topical term or geographic name entry element Force and energy
Form subdivision Juvenile literature.
650 #0 - SUBJECT ADDED ENTRY--TOPICAL TERM
Topical term or geographic name entry element Energy conversion
Form subdivision Juvenile literature.
906 ## - LOCAL DATA ELEMENT F, LDF (RLIN)
a 7
b cbc
c orignew
d 1
e ecip
f 20
g y-gencatlg
942 ## - ADDED ENTRY ELEMENTS (KOHA)
Source of classification or shelving scheme
Koha item type Books - Non Ficton
Holdings
Withdrawn status Lost status Source of classification or shelving scheme Damaged status Not for loan Collection code Permanent Location Current Location Shelving location Date acquired Total Checkouts Full call number Barcode Date last seen Date last checked out Price effective from Koha item type
          Non-Fiction KH8 Primary School Library KH8 Primary School Library Non Fiction 2022-12-29 8 531.6 WIN KHPL000003211 2025-12-05 2024-08-29 2022-12-29 Books - Non Ficton

Powered By KH8 IT Dept